| 000 | 00683nmc a2200253 a 4500 | ||
|---|---|---|---|
| 003 | AR-Y00000XR | ||
| 005 | 20251128211900.0 | ||
| 008 | 097020s2004 ||||||||||||||000 | spa|| | ||
| 020 | _a987-9028-52-X | ||
| 040 | _cAR-Y00000XR | ||
| 245 | 1 | 0 | _aCrianceros y chacareros en la Patagonia |
| 260 |
_aBuenos Aires _bEditorial La colmena _c2004 |
||
| 300 | 0 | _a220 p. | |
| 490 | 0 |
_aCuaderno GESA _v5 |
|
| 650 | 4 | _aTRABAJADORES AGRICOLAS | |
| 650 | 4 | _aECONOMIA AGRARIA | |
| 650 | 4 | _aSOCIOLOGIA RURAL | |
| 651 | 4 | _aPatagonia | |
| 651 | 4 | _aArgentina | |
| 700 | 1 |
_aBendini, Mónica _ecoordinador |
|
| 700 | 1 |
_aAlemany, Carlos _ecoordinador |
|
| 942 | _cBK | ||
| 998 | _cme-solo cat | ||
| 999 |
_c21459 _d21459 |
||